筑波大学循環バス バス停の名前 - Statistics

General Stats
  • This quiz has been taken 10 times
  • The average score is 18 of 25
Answer Stats
Answer Hint % Correct
つくばセンター
100%
天久保二丁目
100%
天久保三丁目
100%
平砂学生宿舎前
100%
筑波大学春日エリア前
86%
筑波メディカルセンター前
86%
合宿所
86%
松見池
86%
一の矢学生宿舎前
86%
第三エリア前
86%
第一エリア前
86%
追越学生宿舎前
86%
吾妻小学校
71%
メディカルセンター病院
71%
筑波大学中央
71%
大学会館前
71%
TARAセンター前
71%
追越宿舎東
57%
天久保池
57%
虹の広場
57%
筑波大学西 西
57%
筑波大学病院東
57%
大学公園
43%
農林技術センター
29%
大学植物見本園
14%
No matching quizzes found
Score Distribution
Percent of People with Each Score
Percentile by Number Answered
Your Score History
You have not taken this quiz